| 000 | 00000nam##2200000za#4500 |
| 001 | 9.573637 |
| 003 | CaOODSP |
| 005 | 20210624183808 |
| 007 | cr ||||||||||| |
| 008 | 150406|2004||||xxc|||||o f|0| 0 eng|d |
| 040 | |aCaOODSP|beng |
| 043 | |an-cn--- |
| 086 | 1 |aT41-1/5E-PDF |
| 110 | 1 |aCanada. |bTransport Canada. |
| 245 | 10|aAllégo program |h[electronic resource] |
| 260 | |aOttawa - Ontario : |bTransport Canada |cJuly 2004. |
| 300 | |a7p.|bcoloured illus., graph, tables |
| 490 | 1 |aCase studies in sustainable transportation |vCase study 5 |
| 500 | |aAt head of title: Urban Transportation Showcase Program. "Greater Montreal, Quebec". |
| 590 | |a12-20-Supp|b2012-05-09 |
| 775 | 08|tDémarche Allégo |w(CaOODSP)9.603736 |
| 830 | #0|aCase studies in sustainable transportation ;|vCase study 5|w(CaOODSP)9.506851 |
| 856 | 40|ahttp://publications.gc.ca|qPDF|s653 KB|uhttps://publications.gc.ca/collections/collection_2012/tc/T41-1-05-eng.pdf|yCase study 5 |
| 986 | |aTP14250E |